Other land price series (Record no. 72585)
[ view plain ]
| 000 -LEADER | |
|---|---|
| fixed length control field | 00739cam a2200181 4500 |
| 001 - CONTROL NUMBER | |
| control field | ABS66643 |
| 008 - FIXED-LENGTH DATA ELEMENTS--GENERAL INFORMATION | |
| fixed length control field | 030430n2003 000 0 eng u |
| 035 ## - SYSTEM CONTROL NUMBER | |
| System control number | (Sirsi) u122141 |
| 245 ## - TITLE STATEMENT | |
| Title | Other land price series |
| 260 ## - PUBLICATION, DISTRIBUTION, ETC. | |
| Date of publication, distribution, etc. | 2003 |
| 490 ## - SERIES STATEMENT | |
| Series statement | Farmland Market |
| Volume/sequential designation | (59) Spring 2003, 18-19(2) |
| 520 ## - SUMMARY, ETC. | |
| Summary, etc. | Provides an overview of the various land price series available, most of which are published in the "Farmland Market". Beginning with the earliest, it describes the different series, what they cover, what sources and methods they use, along with any problems or disadvantages. |
| 590 ## - LOCAL NOTE (RLIN) | |
| Local note | ABS |
| 650 ## - SUBJECT ADDED ENTRY--TOPICAL TERM | |
| Topical term or geographic name entry element | AGRICULTURAL LAND PRICES |
| 650 ## - SUBJECT ADDED ENTRY--TOPICAL TERM | |
| Topical term or geographic name entry element | FARMLAND PRICE INDEX |
| 690 ## - LOCAL SUBJECT ADDED ENTRY--TOPICAL TERM (OCLC, RLIN) | |
| Topical term or geographic name as entry element | RURAL-AGRICULTURE AND FORESTRY |
| 942 ## - ADDED ENTRY ELEMENTS (KOHA) | |
| Suppress in OPAC | 0 |
| Withdrawn status | Lost status | Source of classification or shelving scheme | Damaged status | Not for loan | Home library | Current library | Shelving location | Date acquired | Total Checkouts | Full call number | Barcode | Date last seen | Copy number | Price effective from | Koha item type |
|---|---|---|---|---|---|---|---|---|---|---|---|---|---|---|---|
| Dewey Decimal Classification | London | London | Journal article | 30/04/2003 | ABS66643 | 122141-1001 | 06/08/2019 | 1 | 06/08/2019 | Journal article |